Animals by Picture - A - Statistics

General Stats
  • This quiz has been taken 579 times
    577 since last reset
  • The average score is 9 of 16
Answer Stats
Picture Answer % Correct
Alligator
98%
Alpaca
96%
Ant
96%
Armadillo
90%
Anaconda
85%
Arctic Fox
81%
Aardvark
77%
Albatross
69%
Anchovy
53%
Axolotl
51%
Angelfish
39%
African Wild Dog
37%
Aye-Aye
33%
Aardwolf
16%
Addax
9%
Arowana
8%
No matching quizzes found
Score Distribution
Percent of People with Each Score
Percentile by Number Answered
Your Score History
You have not taken this quiz since the last reset